[Event "Titled Tuesday intern op 10th Sep Late"]
[Site "Chess,com INT"]
[Date "2024.09.10"]
[Round "3"]
[White "Kukhmazov, Arsen"]
[Black "Brunner, Nicolas"]
[Result "1/2-1/2"]
[WhiteElo "2480"]
[BlackElo "2427"]
[PlyCount "193"]
[EventDate "2024.09.10"]
[EventType "swiss (blitz)"]
[EventRounds "11"]
[EventCountry "USA"]
[SourceTitle "EXT 2025"]
[Source "ChessBase"]
[SourceDate "2024.10.14"]
[SourceVersion "1"]
[SourceVersionDate "2024.10.14"]
[SourceQuality "1"]

1. d4 d5 2. c4 c6 3. Nf3 Nf6 4. Qc2 g6 5. Bf4 Bf5 6. Qb3 Qb6 7. e3 Nbd7 8. Nc3 Qxb3 9. axb3 Bg7 10. h3 h5 11. Be2 0-0 12. 0-0 a6 13. Rfc1 Rac8 14. Ne5 Nxe5 15. Bxe5 Ne4 16. Bxg7 Kxg7 17. cxd5 Nxc3 18. bxc3 cxd5 19. c4 dxc4 20. bxc4 Bd7 21. Bf3 Rc7 22. c5 Bb5 23. Rcb1 e5 24. Rd1 exd4 25. exd4 Rd8 26. Rac1 Ba4 27. Rd2 Rdc8 28. Rb1 Bb5 29. Re1 Rd8 30. Re5 a5 31. Rb2 Ba6 32. Re4 Bd3 33. Re3 Rxd4 34. Rxb7 Rxc5 35. Ree7 Rf4 36. Ra7 h4 37. Red7 Bc2 38. Bd5 a4 39. Bxf7 Kh6 40. Ba2 Bb3 41. Rh7+ Kg5 42. Bxb3 axb3 43. Rab7 Rc1+ 44. Kh2 Rxf2 45. Rb5+ Rf5 46. Rxb3 Rff1 47. Rb5+ Rf5 48. Rxf5+ gxf5 49. Rg7+ Kf6 50. Rg8 Rb1 51. Rh8 Kg5 52. Rg8+ Kf6 53. Ra8 Rc1 54. Ra4 Kg5 55. Ra6 Rc8 56. Kh1 Rc1+ 57. Kh2 Rc2 58. Ra4 Rc1 59. Rd4 Rb1 60. Rd8 Rc1 61. Rg8+ Kh5 62. Rg7 Rd1 63. Re7 Kg5 64. Re3 Rc1 65. Re2 Rd1 66. Rc2 Re1 67. Rc4 Rd1 68. Rc8 Re1 69. Rh8 Rd1 70. Rg8+ Kh5 71. Rf8 Kg5 72. Re8 Rc1 73. Re2 Rb1 74. g3 hxg3+ 75. Kxg3 Rb3+ 76. Kg2 f4 77. Rf2 Rc3 78. Kh2 Rg3 79. Rb2 Kh4 80. Rb4 Rxh3+ 81. Kg2 Rg3+ 82. Kf2 Kg4 83. Rb8 Ra3 84. Rg8+ Kf5 85. Rf8+ Ke4 86. Re8+ Kd5 87. Rd8+ Ke5 88. Re8+ Kf6 89. Rf8+ Kg5 90. Rg8+ Kh6 91. Rf8 Kg5 92. Rg8+ Kh4 93. Rh8+ Kg4 94. Rg8+ Kf5 95. Rf8+ Ke4 96. Re8+ Kf5 97. Rf8+ 1/2-1/2

[Event "Titled Tuesday intern op 10th Sep Late"]
[Site "Chess,com INT"]
[Date "2024.09.10"]
[Round "1"]
[White "Kukhmazov, Arsen"]
[Black "Lancman, Kyle"]
[Result "1-0"]
[WhiteElo "2480"]
[BlackElo "2150"]
[PlyCount "103"]
[EventDate "2024.09.10"]
[EventType "swiss (blitz)"]
[EventRounds "11"]
[EventCountry "USA"]
[SourceTitle "EXT 2025"]
[Source "ChessBase"]
[SourceDate "2024.10.14"]
[SourceVersion "1"]
[SourceVersionDate "2024.10.14"]
[SourceQuality "1"]

1. d4 d5 2. c4 e6 3. Nf3 Nf6 4. g3 Bb4+ 5. Nc3 dxc4 6. Bg2 Nc6 7. 0-0 0-0 8. a3 Be7 9. e4 Rb8 10. Be3 Na5 11. h4 c5 12. dxc5 Nb3 13. Qxd8 Rxd8 14. Rad1 Bd7 15. Ne5 Be8 16. Nxc4 Bxc5 17. Bf4 Rbc8 18. Nd6 Bxd6 19. Bxd6 Bc6 20. Rfe1 Na5 21. Bf1 b6 22. f3 Nb7 23. Bf4 Nd7 24. Kf2 e5 25. Be3 Ndc5 26. Bc4 Na5 27. Bd5 Bxd5 28. Nxd5 Nc6 29. Bxc5 bxc5 30. Rc1 Rb8 31. b4 Nd4 32. Rxc5 Rd7 33. Rec1 Rbd8 34. Rc7 f6 35. a4 Kf7 36. b5 Ne6 37. Rxd7+ Rxd7 38. Rc8 Rb7 39. Ke3 Nd4 40. Rc7+ Rxc7 41. Nxc7 Ke7 42. a5 Kd7 43. b6 axb6 44. axb6 Kc6 45. Nd5 Ne6 46. f4 Nc5 47. fxe5 fxe5 48. Kf3 g6 49. Nf6 h5 50. Nd5 Ne6 51. Ne7+ Kxb6 52. Nxg6 1-0

[Event "Titled Tuesday intern op 10th Sep Late"]
[Site "Chess,com INT"]
[Date "2024.09.10"]
[Round "5"]
[White "Kukhmazov, Arsen"]
[Black "Vlassov, Nikolai"]
[Result "1-0"]
[WhiteElo "2480"]
[BlackElo "2291"]
[PlyCount "77"]
[EventDate "2024.09.10"]
[EventType "swiss (blitz)"]
[EventRounds "11"]
[EventCountry "USA"]
[SourceTitle "EXT 2025"]
[Source "ChessBase"]
[SourceDate "2024.10.14"]
[SourceVersion "1"]
[SourceVersionDate "2024.10.14"]
[SourceQuality "1"]

1. d4 Nf6 2. c4 Nc6 3. Nf3 e6 4. g3 Bb4+ 5. Nbd2 a5 6. Bg2 d6 7. 0-0 e5 8. a3 Bxd2 9. Qxd2 Bg4 10. d5 Bxf3 11. exf3 Nd4 12. Qd3 a4 13. Be3 Nb3 14. Rad1 Nd7 15. f4 0-0 16. h4 Ndc5 17. Qc2 f6 18. h5 Qe8 19. h6 Qg6 20. f5 Qg4 21. hxg7 Kxg7 22. Kh2 h5 23. f3 Nd4 24. Bxd4 Qxd4 25. Rxd4 exd4 26. Re1 Rae8 27. Re6 Nxe6 28. fxe6 c5 29. Qxa4 Re7 30. f4 f5 31. Bf3 Kf6 32. b4 Rh8 33. Kh3 Reh7 34. bxc5 dxc5 35. Qb5 h4 36. g4 fxg4+ 37. Bxg4 Rc7 38. Qb6 Rhh7 39. Qd6 1-0

[Event "Titled Tuesday intern op 10th Sep Late"]
[Site "Chess,com INT"]
[Date "2024.09.10"]
[Round "2"]
[White "Riff, Vincent"]
[Black "Kukhmazov, Arsen"]
[Result "1-0"]
[WhiteElo "2367"]
[BlackElo "2480"]
[PlyCount "77"]
[EventDate "2024.09.10"]
[EventType "swiss (blitz)"]
[EventRounds "11"]
[EventCountry "USA"]
[SourceTitle "EXT 2025"]
[Source "ChessBase"]
[SourceDate "2024.10.14"]
[SourceVersion "1"]
[SourceVersionDate "2024.10.14"]
[SourceQuality "1"]

1. e4 c6 2. Nf3 d5 3. Nc3 Bg4 4. h3 Bh5 5. g4 Bg6 6. exd5 cxd5 7. d4 Nc6 8. Ne5 e6 9. h4 f6 10. h5 fxe5 11. hxg6 h6 12. Bb5 Nge7 13. g5 exd4 14. Qxd4 Nf5 15. Qa4 Qd7 16. gxh6 gxh6 17. Bf4 Bg7 18. 0-0-0 0-0 19. Kb1 Rac8 20. Ne4 Qe7 21. Ng3 Ncd4 22. Nxf5 Nxf5 23. Bc1 a6 24. Bd3 Qf6 25. Rde1 Rc6 26. Qb3 b5 27. Rh5 Nd4 28. Qb4 Qxf2 29. Rf1 Qxf1 30. Bxf1 Rxf1 31. Rh2 Be5 32. Rd2 Nf3 33. Re2 Rc4 34. Qe7 Rf4 35. Qxe6+ Kf8 36. g7+ Kxg7 37. Rg2+ Ng5 38. Qxe5+ Kg6 39. Qxf4 1-0

[Event "Titled Tuesday intern op 03rd Sep Early"]
[Site "Chess.com INT"]
[Date "2024.09.03"]
[Round "4"]
[White "Balint, Peter1"]
[Black "Kukhmazov, Arsen"]
[Result "0-1"]
[WhiteElo "2345"]
[BlackElo "2480"]
[PlyCount "36"]
[EventDate "2024.09.03"]
[EventType "swiss (blitz)"]
[EventRounds "11"]
[EventCountry "USA"]
[SourceTitle "EXT 2025"]
[Source "ChessBase"]
[SourceDate "2024.10.14"]
[SourceVersion "1"]
[SourceVersionDate "2024.10.14"]
[SourceQuality "1"]

1. e4 c6 2. Nf3 d5 3. Nc3 Bg4 4. h3 Bh5 5. exd5 cxd5 6. d4 Nc6 7. Bb5 e6 8. g4 Bg6 9. Ne5 Rc8 10. Bf4 Bd6 11. Qd2 Nge7 12. 0-0 a6 13. Be2 Nxe5 14. dxe5 Bc5 15. Nd1 Nc6 16. c3 h5 17. Kg2 hxg4 18. hxg4 Qh4 0-1

[Event "Titled Tuesday intern op 03rd Sep Late"]
[Site "Chess.com INT"]
[Date "2024.09.03"]
[Round "1"]
[White "Jegorovas, Aleksandras"]
[Black "Kukhmazov, Arsen"]
[Result "0-1"]
[WhiteElo "2270"]
[BlackElo "2480"]
[PlyCount "64"]
[EventDate "2024.09.03"]
[EventType "swiss (blitz)"]
[EventRounds "11"]
[EventCountry "USA"]
[SourceTitle "EXT 2025"]
[Source "ChessBase"]
[SourceDate "2024.10.14"]
[SourceVersion "1"]
[SourceVersionDate "2024.10.14"]
[SourceQuality "1"]

1. d4 d5 2. Bf4 c5 3. e3 Nc6 4. Nf3 Nf6 5. Nbd2 Qb6 6. dxc5 Qxb2 7. Rb1 Qc3 8. Bb5 e6 9. e4 Nxe4 10. Rb3 Qa5 11. 0-0 Nc3 12. Bxc6+ bxc6 13. Qe1 Ba6 14. Be5 Ne2+ 15. Kh1 f6 16. Re3 fxe5 17. Rxe5 Bxc5 18. Rxe6+ Kd7 19. Rxe2 Bxe2 20. Qxe2 Rae8 21. Ne5+ Kc7 22. Ndf3 Bd6 23. Qe3 Qb6 24. Qg5 Re7 25. h3 Rhe8 26. Nd3 h6 27. Qg4 Qb5 28. Nd4 Qc4 29. Rb1 Qxd3 30. Ne6+ Rxe6 31. Qxg7+ R6e7 32. Qb2 Re1+ 0-1